000 00563nam a2200241Ia 4500
003 OSt
005 20220924151707.0
006 a|||||r|||| 00| 0
007 ta
008 220923b |||||||| |||| 00| 0 tel d
020 _c30
024 _a338701
037 _cTextual
040 _aARTS
_cARTS
_btel
041 _2tel
_atel
082 _aR65,6, 35N3
100 _aRao Subba
_9220970
245 0 _aGitamritamu
260 _c1993
650 _aPHILOSOPHY
942 _hR65,6, 35N3
_cTEXL
_2CC
999 _c467409
_d467409